000 00494nam a2200145 4500
999 _c15852
_d15852
008 201217b ||||| |||| 00| 0 eng d
022 _a0732-8435
082 _aDPer 657.05 C33 Sept - Mar 2015, v. 85 - 86
100 _aMazzola, Daniel G.
_942692
245 _aDelaying spousal social benefits/
_cDaniel G. Mazzola.
260 _aNew York:
_bThe New York State Society of CPA,
_c©2015.
300 _av85 n9, 13 page;
_c28 cm.
650 _aSocial security
_xBenefits.
_942693
942 _2ddc
_cPER